Wymień 9 muz greckich - Statystyki

Ogólne statystyki
  • Ten quiz został rozwiązany 24 razy
  • Średni wynik to 6 z 9
Statystyki odpowiedzi
opis nazwa % Poprawnych
astronomia i geometria Urania
91%
historia Klio
82%
poezja epicka oraz filozofia i retoryka Kalliope
73%
taniec Terpsychora
73%
poezja miłosna Erato
64%
komedia Talia
64%
tragedia i śpiew Melpomene
45%
muza pieśni, poezja chóralna, pantomima Polihymnia
45%
poezja liryczna, gra na flecie Euterpe
36%
Nie znaleziono quizów pasujących do podanych kryteriów
Rozkład punktacji
Procent ludzi z każdym wynikiem
Percentyl według liczby udzielonych odpowiedzi
Twoja historia wyników
Nie rozwiązałeś tego quizu